书目信息 |
| 题名: |
三国演义
|
|
| 作者: | 罗贯中 著 | |
| 分册: | ||
| 出版信息: | 北京 光明日报出版社 2009.02 |
|
| 页数: | 612页 | |
| 开本: | 22cm | |
| 丛书名: | 六角丛书 | |
| 单 册: | ||
| 中图分类: | I242.43 | |
| 科图分类: | ||
| 主题词: | 章回小说--zhang hui xiao shuo--中国--明代 , 长篇小说--chang pian xiao shuo--中国--明代 , 讲史小说--jiang shi xiao shuo--中国--明代 | |
| 电子资源: | ||
| ISBN: | 978-7-80206-717-2 | |
| 000 | 01039nam 2200289 450 | |
| 001 | 012009594798 | |
| 005 | 20091126084834.78 | |
| 010 | @a978-7-80206-717-2@b精装@dCNY23.00 | |
| 100 | @a20091125d2009 em y0chiy0120 ea | |
| 101 | 0 | @achi |
| 102 | @aCN@b110000 | |
| 105 | @ay z 000ay | |
| 106 | @ar | |
| 200 | 1 | @a三国演义@Asan guo yan yi@f(明) 罗贯中著@F(ming)luo guan zhong zhu |
| 210 | @a北京@c光明日报出版社@d2009.02 | |
| 215 | @a612页@d22cm | |
| 225 | 2 | @a六角丛书@Aliu jiao cong shu |
| 300 | @a理想藏书 | |
| 330 | @a本书充分反映了三国时代的政治军事斗争,反映了三国时代各类社会矛盾的渗透与转化,概括了这一时代的历史巨变,塑造了一批如刘备、诸葛亮、曹操、孙权等咤叱风云的英雄人物。 | |
| 410 | 0 | @12001 @a六角丛书 |
| 606 | 0 | @a章回小说@Azhang hui xiao shuo@y中国@z明代 |
| 606 | 0 | @a长篇小说@Achang pian xiao shuo@y中国@z明代 |
| 606 | 0 | @a讲史小说@Ajiang shi xiao shuo@y中国@z明代 |
| 690 | @aI242.43@v4 | |
| 701 | 0 | @a罗贯中@Aluo guan zhong@4著 |
| 801 | 0 | @aCN@bQSSK@c20091126 |
| 905 | @b765286-88@dI242.43@eL939@f3 | |
| 三国演义/(明) 罗贯中著.-北京:光明日报出版社,2009.02 |
| 612页;22cm.-(六角丛书) |
| 理想藏书 |
| ISBN 978-7-80206-717-2(精装):CNY23.00 |
| 本书充分反映了三国时代的政治军事斗争,反映了三国时代各类社会矛盾的渗透与转化,概括了这一时代的历史巨变,塑造了一批如刘备、诸葛亮、曹操、孙权等咤叱风云的英雄人物。 |
| ● |
| 相关链接 |
|
|
|
正题名:三国演义
索取号:I242.43/L939
 
预约/预借
| 序号 | 登录号 | 条形码 | 馆藏地/架位号 | 状态 | 备注 |
| 1 | 765286 | 207652869 | 文学库108/108文学库 22排3列1层/ [索取号:I242.43/L939] | 在馆 | |
| 2 | 765287 | 207652878 | 文学库108/108文学库 22排3列2层/ [索取号:I242.43/L939] | 在馆 |